[Event "16MCR_F"]
[Site "?"]
[Date "2004.??.??"]
[Round "?"]
[White "Hala, Martin"]
[Black "Stalmach, Kamil"]
[Result "1-0"]
[WhiteElo "2410"]
[BlackElo "2360"]
[PlyCount "96"]
[EventDate "2004.04.27"]
[EventType "corr"]
[EventRounds "1"]
[SourceDate "2004.04.27"]

1. e4 e5 2. Nf3 Nc6 3. Bb5 a6 4. Ba4 Nf6 5. O-O Be7 6. Re1 b5 7. Bb3 d6 8. c3
O-O 9. h3 Na5 10. Bc2 c5 11. d4 Qc7 12. Nbd2 cxd4 13. cxd4 Rd8 14. b3 Nc6 15.
Bb2 exd4 16. Nxd4 Nxd4 17. Bxd4 Be6 18. Rc1 Qa5 19. Nf1 Ne8 20. Qd3 Rac8 21.
Bb1 Rxc1 22. Rxc1 Bg5 23. Rd1 Bf4 24. g3 Bh6 25. Ne3 Bxe3 26. Qxe3 Rc8 27. g4
Qd8 28. f4 Qh4 29. Qf3 Bd7 30. Kh2 Qe7 31. g5 Bc6 32. Qd3 Ba8 33. Bb2 Qb7 34.
h4 Rc7 35. h5 Re7 36. Re1 f5 37. gxf6 gxf6 38. h6 Kf8 39. Qg3 Qb6 40. Rg1 Rf7
41. b4 Ke7 42. Rd1 Kd8 43. Bd4 Qc7 44. e5 fxe5 45. fxe5 Kc8 46. e6 Re7 47. Qg5
Qb7 48. Rc1+ Kb8 1-0

[Event "16MCR_F"]
[Site "?"]
[Date "2004.??.??"]
[Round "?"]
[White "Trexler, Evzen"]
[Black "Krouzel, Jaroslav"]
[Result "1/2-1/2"]
[WhiteElo "2400"]
[BlackElo "2360"]
[PlyCount "103"]
[EventDate "2004.04.27"]
[EventType "corr"]
[EventRounds "1"]
[SourceDate "2004.04.27"]

1. e4 e6 2. d4 d5 3. Nd2 Nc6 4. Ngf3 Nf6 5. e5 Nd7 6. Nb3 Be7 7. Bb5 a5 8. a4
Na7 9. Bd3 b6 10. O-O c5 11. c4 Bb7 12. Be3 dxc4 13. Bxc4 O-O 14. Rc1 Bc6 15.
Nbd2 cxd4 16. Nxd4 Nxe5 17. Qh5 Qd6 18. f4 Nd7 19. Nxc6 Nxc6 20. Ne4 Nf6 21.
Nxd6 Nxh5 22. Bxe6 Bxd6 23. Rxc6 Bxf4 24. Bxf4 Nxf4 25. Bc4 Ng6 26. Rxb6 Ne5
27. Bd5 Rfb8 28. Rb5 Rxb5 29. axb5 Rd8 30. Rd1 Rd6 31. Kf2 Kf8 32. Ke3 Ke7 33.
Kd4 Nd7 34. Kc3 Kd8 35. Rd4 f6 36. Bg8 Rxd4 37. Kxd4 h6 38. Be6 Nb6 39. Kc5 Kc7
40. b3 g6 41. g3 f5 42. h3 a4 43. bxa4 Nxa4+ 44. Kd4 Kd6 45. Bc8 Nb6 46. Bb7 g5
47. Bc6 Na4 48. Bf3 Nb6 49. Be2 Nd5 50. Bd3 Nc7 51. Bc4 Na8 52. Bb3 1/2-1/2

[Event "16MCR_F"]
[Site "?"]
[Date "2004.??.??"]
[Round "?"]
[White "Straka, Zdenek"]
[Black "Masek, Jan"]
[Result "1/2-1/2"]
[WhiteElo "2395"]
[BlackElo "2365"]
[PlyCount "63"]
[EventDate "2004.04.27"]
[EventType "corr"]
[EventRounds "1"]
[SourceDate "2004.04.27"]

1. d4 Nf6 2. c4 c5 3. d5 b5 4. cxb5 a6 5. bxa6 e6 6. Nc3 Nxd5 7. Nxd5 exd5 8.
Qxd5 Nc6 9. e3 Be7 10. Bd2 O-O 11. Bc3 Qb6 12. Rd1 d6 13. Nf3 Bxa6 14. Bxa6
Qxa6 15. a3 Na7 16. Ng5 Nb5 17. Bxg7 Kxg7 18. Qf5 Bxg5 19. Qxg5+ Kh8 20. Qf6+
Kg8 21. Rd5 Rfe8 22. Rg5+ Kf8 23. Rg7 Re7 24. Rxh7 Ke8 25. Qf5 Kd8 26. O-O Raa7
27. Rd1 Qa4 28. Qd3 c4 29. Rh8+ Re8 30. Rxe8+ Kxe8 31. Qe4+ Kd8 32. Qd5 1/2-1/2

[Event "16MCR_F"]
[Site "?"]
[Date "2004.??.??"]
[Round "?"]
[White "Krouzel, Jaroslav"]
[Black "Straka, Zdenek"]
[Result "1/2-1/2"]
[WhiteElo "2360"]
[BlackElo "2395"]
[PlyCount "30"]
[EventDate "2004.04.27"]
[EventType "corr"]
[EventRounds "1"]
[SourceDate "2004.04.27"]

1. d4 Nf6 2. c4 e6 3. g3 d5 4. Bg2 dxc4 5. Qa4+ Nbd7 6. Qxc4 e5 7. Nf3 exd4 8.
Nxd4 Nb6 9. Qd3 Bc5 10. Qb5+ Nfd7 11. Nb3 Bd6 12. O-O O-O 13. Rd1 Ne5 14. Bf4
Qe7 15. N1d2 c6 1/2-1/2

[Event "16MCR_F"]
[Site "?"]
[Date "2004.??.??"]
[Round "?"]
[White "Stalmach, Kamil"]
[Black "Trexler, Evzen"]
[Result "1-0"]
[WhiteElo "2360"]
[BlackElo "2400"]
[PlyCount "108"]
[EventDate "2004.04.27"]
[EventType "corr"]
[EventRounds "1"]
[SourceDate "2004.04.27"]

1. e4 e5 2. Nf3 Nf6 3. Nxe5 d6 4. Nf3 Nxe4 5. d4 d5 6. Bd3 Be7 7. O-O Nc6 8. c4
Nb4 9. Be2 O-O 10. Nc3 Be6 11. Ne5 f6 12. Nf3 c5 13. Be3 Rc8 14. dxc5 Bxc5 15.
Bxc5 Rxc5 16. Qb3 a5 17. Rad1 Qe7 18. Na4 Bf7 19. Qe3 Rc7 20. a3 Qe8 21. Nb6
Re7 22. axb4 Ng3 23. Qc5 Nxe2+ 24. Kh1 d4 25. bxa5 Bh5 26. Nd5 Re4 27. Rd3 Bxf3
28. Rxf3 Qe5 29. g3 Qe6 30. Kg2 Rf7 31. Ra3 h5 32. f3 Re5 33. f4 Rf5 34. Raf3
g5 35. fxg5 Rxf3 36. Rxf3 fxg5 37. Rxf7 Kxf7 38. Qc7+ Kg6 39. Qb6 Qxb6 40. axb6
d3 41. Kf3 Kf5 42. Ke3 Nc1 43. b4 Ke5 44. Ne7 Kd6 45. c5+ Kd7 46. Kd2 Ne2 47.
Kxd3 Nc1+ 48. Kc4 h4 49. gxh4 gxh4 50. Ng6 Ne2 51. b5 h3 52. c6+ bxc6 53. Ne5+
Kd8 54. bxc6 Ng3 1-0

[Event "16MCR_F"]
[Site "?"]
[Date "2004.??.??"]
[Round "?"]
[White "Makovsky, Petr"]
[Black "Hala, Martin"]
[Result "1/2-1/2"]
[WhiteElo "2325"]
[BlackElo "2410"]
[PlyCount "88"]
[EventDate "2004.04.27"]
[EventType "corr"]
[EventRounds "1"]
[SourceDate "2004.04.27"]

1. e4 e5 2. Nf3 Nc6 3. Bc4 Nf6 4. Ng5 d5 5. exd5 Na5 6. Bb5+ c6 7. dxc6 bxc6 8.
Be2 h6 9. Nf3 e4 10. Ne5 Bc5 11. c3 Qc7 12. d4 exd3 13. Nxd3 Bd6 14. Na3 Bf5
15. b4 Nb7 16. g3 O-O 17. O-O Rfe8 18. Nc2 c5 19. Ne3 Bg6 20. a3 Rad8 21. Qa4
Ne4 22. Nd5 Qc8 23. Qa6 Bxg3 24. fxg3 Rxd5 25. Nf4 Rg5 26. Bf3 Bh7 27. Be3 Nxg3
28. hxg3 Rxe3 29. Qxb7 Rxg3+ 30. Ng2 Qxb7 31. Bxb7 Be4 32. Bxe4 Rxe4 33. bxc5
Re2 34. Rf2 Rxf2 35. Kxf2 Rxc3 36. Rd1 Rxc5 37. Ne3 Ra5 38. Rd8+ Kh7 39. Rd3 g5
40. Rd6 Kg7 41. Nc4 Ra4 42. Rc6 f6 43. Nd6 h5 44. Nf5+ Kg6 1/2-1/2

[Event "16MCR_F"]
[Site "?"]
[Date "2004.??.??"]
[Round "?"]
[White "Styblo, Pavel"]
[Black "Dotlacil, Ladislav"]
[Result "1-0"]
[WhiteElo "2320"]
[BlackElo "2410"]
[PlyCount "81"]
[EventDate "2004.04.27"]
[EventType "corr"]
[EventRounds "1"]
[SourceDate "2004.04.27"]

1. d4 Nf6 2. c4 d6 3. Nc3 c6 4. Nf3 Nbd7 5. e4 e5 6. Be2 Be7 7. O-O O-O 8. Qc2
a6 9. Rd1 Qc7 10. Bg5 h6 11. Bh4 b5 12. cxb5 cxb5 13. Rac1 Qb8 14. a4 b4 15.
Bxf6 Nxf6 16. Nd5 Nxd5 17. exd5 exd4 18. Qe4 Bf6 19. Nxd4 Bxd4 20. Rxd4 a5 21.
Bd3 f5 22. Qf4 Ra7 23. Re1 Qb6 24. Bb5 Bd7 25. Bxd7 Rxd7 26. Rc4 Rc7 27. h3
Rxc4 28. Qxc4 Qb7 29. Re6 Qb6 30. b3 Rd8 31. Qh4 Qc7 32. Kh2 Rf8 33. Qf4 Qc2
34. Re7 Qc5 35. Qg3 Rf7 36. Re6 f4 37. Re8+ Kh7 38. Qd3+ g6 39. f3 Rf5 40. Re7+
Kg8 41. Qb5 1-0

[Event "16MCR_F"]
[Site "?"]
[Date "2004.??.??"]
[Round "?"]
[White "Zidu, Jan"]
[Black "Hybl, Jaroslav"]
[Result "1/2-1/2"]
[WhiteElo "2310"]
[BlackElo "2430"]
[PlyCount "63"]
[EventDate "2004.04.27"]
[EventType "corr"]
[EventRounds "1"]
[SourceDate "2004.04.27"]

1. e4 c5 2. Nf3 d6 3. d4 cxd4 4. Nxd4 Nf6 5. Nc3 a6 6. Bc4 e6 7. Bb3 b5 8. O-O
Be7 9. Qf3 Qc7 10. Qg3 O-O 11. Bh6 Ne8 12. Rad1 Bd7 13. a3 Nc6 14. Nxc6 Bxc6
15. Rfe1 a5 16. Bf4 Qb7 17. e5 dxe5 18. Bxe5 Bf6 19. Rd4 Bxe5 20. Rxe5 Nf6 21.
Rf4 b4 22. Rxf6 bxc3 23. Rg5 Rfd8 24. Rxg7+ Kh8 25. h3 Rd1+ 26. Kh2 Bxg2 27.
Rxh7+ Kxh7 28. Qh4+ Kg8 29. Bxe6 Rh1+ 30. Kg3 Rxh3+ 31. Bxh3 Bxh3 32. Qg5+
1/2-1/2

[Event "16MCR_F"]
[Site "?"]
[Date "2004.??.??"]
[Round "?"]
[White "Priesol, Daniel"]
[Black "Boukal, Petr"]
[Result "1/2-1/2"]
[WhiteElo "2305"]
[BlackElo "2435"]
[PlyCount "31"]
[EventDate "2004.04.27"]
[EventType "corr"]
[EventRounds "1"]
[SourceDate "2004.04.27"]

1. e4 e6 2. d4 d5 3. Nc3 Bb4 4. Nge2 dxe4 5. a3 Bxc3+ 6. Nxc3 Nc6 7. d5 exd5 8.
Qxd5 Nge7 9. Qxd8+ Nxd8 10. Nxe4 Bf5 11. Bd3 Ne6 12. Bd2 O-O-O 13. O-O-O Nd4
14. Rhe1 Nb3+ 15. Kb1 Nxd2+ 16. Rxd2 1/2-1/2

[Event "16MCR_F"]
[Site "?"]
[Date "2004.??.??"]
[Round "?"]
[White "Canibal, Jaromir"]
[Black "Pospisil, Ludvik"]
[Result "1/2-1/2"]
[WhiteElo "2300"]
[BlackElo "2445"]
[PlyCount "98"]
[EventDate "2004.04.27"]
[EventType "corr"]
[EventRounds "1"]
[SourceDate "2004.04.27"]

1. d4 d5 2. c4 e6 3. Nc3 c6 4. cxd5 exd5 5. Qc2 Ne7 6. e3 Bf5 7. Bd3 Bxd3 8.
Qxd3 Ng6 9. Nf3 Be7 10. O-O O-O 11. Rb1 Nd7 12. b4 a6 13. a4 Nb6 14. b5 cxb5
15. axb5 a5 16. Ra1 Qd7 17. Ba3 Bxa3 18. Rxa3 Nc4 19. Ra2 Rac8 20. Rc1 b6 21.
h4 h5 22. Rcc2 Rc7 23. Ng5 Rfc8 24. g3 Nf8 25. Kh2 g6 26. Nf3 Nh7 27. Ra4 Nb2
28. Rxb2 Rxc3 29. Ne5 Qe6 30. Qd2 R3c7 31. Nc6 Nf6 32. Ra1 Ne4 33. Qd3 Nd6 34.
Rab1 Kg7 35. Kg2 f6 36. Qc2 Qe4+ 37. Qxe4 Nxe4 38. Kf1 Kf7 39. Rc1 Nd6 40. Ke2
Ke6 41. Kd3 g5 42. hxg5 fxg5 43. f3 Rf7 44. Rh2 Rxf3 45. Rxh5 Ne4 46. Rc2 a4
47. Rh7 Rf1 48. Rb7 Nxg3 49. Rh2 Rd1+ 1/2-1/2

[Event "16MCR_F"]
[Site "?"]
[Date "2004.??.??"]
[Round "?"]
[White "Viktora, Zdenek"]
[Black "Mezera, Lukas"]
[Result "1/2-1/2"]
[WhiteElo "2285"]
[BlackElo "2260"]
[PlyCount "94"]
[EventDate "2004.04.27"]
[EventType "corr"]
[EventRounds "1"]
[SourceDate "2004.04.27"]

1. e4 c5 2. Nf3 d6 3. d4 cxd4 4. Nxd4 Nf6 5. Nc3 g6 6. Be3 Bg7 7. Be2 Nc6 8.
O-O O-O 9. Rb1 d5 10. Nxd5 Nxd5 11. exd5 Qxd5 12. Bf3 Qxa2 13. Nxc6 bxc6 14.
Bxc6 Rb8 15. Bd5 Qa4 16. Bb3 Qh4 17. Bxa7 Rb7 18. Be3 Bf5 19. Qd2 Rxb3 20. cxb3
Bxb1 21. Rxb1 e6 22. Rd1 Bf6 23. Bc5 Rb8 24. h3 Qh5 25. Rc1 Rd8 26. Qc2 Qe5 27.
b4 Rc8 28. Qc3 Qf5 29. Qd2 Rd8 30. Qe2 Qd5 31. b5 Bg5 32. Rc4 Bf6 33. b6 Be5
34. g4 Rb8 35. b4 Bf6 36. Be3 Bd8 37. Qc2 Bxb6 38. Rc8+ Rxc8 39. Qxc8+ Qd8 40.
Qxd8+ Bxd8 41. b5 Bc7 42. g5 Kf8 43. b6 Bd6 44. Kg2 Ke7 45. b7 Bb8 46. Kf3 e5
47. Bd2 Kd6 1/2-1/2

[Event "16MCR_F"]
[Site "?"]
[Date "2004.??.??"]
[Round "?"]
[White "Pospisil, Ludvik"]
[Black "Viktora, Zdenek"]
[Result "1/2-1/2"]
[WhiteElo "2445"]
[BlackElo "2285"]
[PlyCount "84"]
[EventDate "2004.04.27"]
[EventType "corr"]
[EventRounds "1"]
[SourceDate "2004.04.27"]

1. e4 e5 2. f4 exf4 3. Bc4 Qh4+ 4. Kf1 Nf6 5. Nf3 Qh6 6. Nc3 d6 7. d4 c6 8. Bd2
Nbd7 9. Qc1 Nh5 10. Ne2 Nb6 11. Bd3 g5 12. Kf2 Be7 13. h3 f5 14. exf5 Rf8 15.
d5 Nxd5 16. c4 Nb6 17. Qc2 Nd7 18. g4 fxg3+ 19. Nxg3 Kd8 20. Rae1 Nxg3 21. Kxg3
Bf6 22. Kg2 Qg7 23. Rhg1 h6 24. b4 Ne5 25. Nxe5 Bxe5 26. c5 d5 27. b5 Bd7 28.
a4 Kc8 29. bxc6 Bxc6 30. Bb5 Qf6 31. Bxc6 bxc6 32. Qd3 a5 33. Rgf1 Kd7 34. Re3
Rac8 35. Qa6 g4 36. Bc3 gxh3+ 37. Kh1 Bxc3 38. Re6 Qe5 39. Rxe5 Bxe5 40. Qxa5
Rg8 41. Re1 Bc7 42. Qc3 Rg2 1/2-1/2

[Event "16MCR_F"]
[Site "?"]
[Date "2004.??.??"]
[Round "?"]
[White "Boukal, Petr"]
[Black "Canibal, Jaromir"]
[Result "0-1"]
[WhiteElo "2435"]
[BlackElo "2300"]
[PlyCount "97"]
[EventDate "2004.04.27"]
[EventType "corr"]
[EventRounds "1"]
[SourceDate "2004.04.27"]

1. e4 e5 2. Nf3 Nc6 3. Bb5 a6 4. Ba4 Nf6 5. O-O Be7 6. Re1 b5 7. Bb3 O-O 8. a4
Bb7 9. d3 d6 10. Nbd2 Na5 11. Ba2 c5 12. Nf1 b4 13. N3d2 Bc8 14. Ne3 Be6 15.
Ndc4 Nc6 16. Bd2 Rb8 17. Nf5 Bxf5 18. exf5 Qd7 19. g4 h6 20. f4 exf4 21. Bxf4
Rfe8 22. a5 Bf8 23. Rxe8 Rxe8 24. c3 d5 25. Nb6 Qd8 26. Qa4 Ne5 27. Nxd5 Nxd5
28. Bxd5 Nxd3 29. Bg3 Nxb2 30. Qb3 c4 31. Bxc4 Bc5+ 32. Kg2 Qd2+ 33. Kh3 Nxc4
34. Qxc4 Qxc3 35. Qxc3 bxc3 36. Ra4 Be3 37. Rc4 Bd2 38. Kg2 Re2+ 39. Kf3 Re3+
40. Kf2 Rd3 41. Ke2 Rd5 42. Bc7 h5 43. h3 Kh7 44. Bb6 Kh6 45. Kd1 Rd3 46. Kc2
Rxh3 47. gxh5 f6 48. Rc6 Rh2 49. Kd3 0-1

[Event "16MCR_F"]
[Site "?"]
[Date "2004.??.??"]
[Round "?"]
[White "Hybl, Jaroslav"]
[Black "Priesol, Daniel"]
[Result "1/2-1/2"]
[WhiteElo "2430"]
[BlackElo "2305"]
[PlyCount "42"]
[EventDate "2004.04.27"]
[EventType "corr"]
[EventRounds "1"]
[SourceDate "2004.04.27"]

1. d4 Nf6 2. c4 e6 3. Nc3 Bb4 4. Qc2 O-O 5. a3 Bxc3+ 6. Qxc3 d6 7. g3 Nbd7 8.
Bg2 e5 9. Nf3 Re8 10. dxe5 Qe7 11. O-O dxe5 12. Rd1 a5 13. b3 Nc5 14. Be3 Bg4
15. h3 Bf5 16. g4 Be4 17. b4 axb4 18. axb4 Rxa1 19. Rxa1 Ncd7 20. Ra7 h6 21. b5
Rb8 1/2-1/2

[Event "16MCR_F"]
[Site "?"]
[Date "2004.??.??"]
[Round "?"]
[White "Dotlacil, Ladislav"]
[Black "Zidu, Jan"]
[Result "1/2-1/2"]
[WhiteElo "2410"]
[BlackElo "2310"]
[PlyCount "73"]
[EventDate "2004.04.27"]
[EventType "corr"]
[EventRounds "1"]
[SourceDate "2004.04.27"]

1. d4 Nf6 2. Nf3 g6 3. c4 Bg7 4. Nc3 d5 5. Bf4 O-O 6. Rc1 dxc4 7. e4 Bg4 8.
Bxc4 Nh5 9. Be3 Bxf3 10. gxf3 e5 11. dxe5 Bxe5 12. Qxd8 Rxd8 13. O-O Nd7 14.
Rc2 Nb6 15. Bb3 Nf4 16. Ne2 Nxe2+ 17. Rxe2 Kg7 18. f4 Bd4 19. Rd1 Bxe3 20. Rxe3
Rxd1+ 21. Bxd1 Rd8 22. Bc2 c6 23. Rc3 Rd4 24. b3 f5 25. f3 Rd2 26. h3 Nd7 27.
Rd3 Rxd3 28. Bxd3 Nc5 29. Bb1 Ne6 30. exf5 Nxf4 31. fxg6 hxg6 32. Kh2 Kf6 33.
Bc2 Ne2 34. Kg2 g5 35. Kf2 Nd4 36. Bd3 Nf5 37. f4 1/2-1/2

[Event "16MCR_F"]
[Site "?"]
[Date "2004.??.??"]
[Round "?"]
[White "Hala, Martin"]
[Black "Styblo, Pavel"]
[Result "1/2-1/2"]
[WhiteElo "2410"]
[BlackElo "2320"]
[PlyCount "73"]
[EventDate "2004.04.27"]
[EventType "corr"]
[EventRounds "1"]
[SourceDate "2004.04.27"]

1. e4 c5 2. Nf3 d6 3. d4 cxd4 4. Nxd4 Nf6 5. Nc3 a6 6. Bg5 e6 7. f4 Nbd7 8. Qf3
Qc7 9. O-O-O b5 10. Bd3 Bb7 11. Rhe1 O-O-O 12. a3 Be7 13. Qe2 Nc5 14. Bxb5 axb5
15. Ndxb5 Ba6 16. b4 Ncd7 17. e5 dxe5 18. Rd3 Qb8 19. fxe5 Nxe5 20. Rxd8+ Bxd8
21. Qxe5 Qxe5 22. Rxe5 Nd7 23. Nd6+ Kb8 24. Nxf7 Nxe5 25. Nxd8 Nc4 26. Nxe6 Re8
27. Nxg7 Re1+ 28. Nd1 Nxa3 29. Nf5 Nc4 30. Nfe3 Nxe3 31. Bxe3 Kb7 32. Bc5 Kc6
33. h4 Rh1 34. Kd2 Rxh4 35. Ne3 Re4 36. Kc3 Kd7 37. Kd2 1/2-1/2

[Event "16MCR_F"]
[Site "?"]
[Date "2004.??.??"]
[Round "?"]
[White "Trexler, Evzen"]
[Black "Makovsky, Petr"]
[Result "1-0"]
[WhiteElo "2400"]
[BlackElo "2325"]
[PlyCount "95"]
[EventDate "2004.04.27"]
[EventType "corr"]
[EventRounds "1"]
[SourceDate "2004.04.27"]

1. e4 e5 2. Nf3 Nc6 3. Bb5 a6 4. Ba4 Nf6 5. O-O Be7 6. Re1 b5 7. Bb3 O-O 8. c3
d6 9. h3 Bb7 10. d4 Re8 11. Nbd2 Bf8 12. a4 h6 13. Bc2 exd4 14. cxd4 Nb4 15.
Bb1 c5 16. d5 Nd7 17. Ra3 f5 18. Nh2 Nf6 19. Rf3 Re5 20. Rxf5 Rxf5 21. exf5
Bxd5 22. Ng4 Bf7 23. Ne4 Nxg4 24. hxg4 d5 25. Nc3 d4 26. Ne4 d3 27. g5 hxg5 28.
Bxg5 Qd4 29. Bd2 c4 30. Bc3 Qb6 31. Nf6+ gxf6 32. Qg4+ Bg7 33. Re3 Nd5 34. Rg3
Bg6 35. Qxg6 Qa7 36. Bd2 Qf7 37. Qg4 Kf8 38. b3 Rc8 39. bxc4 Rxc4 40. Qd1 Nc3
41. Bxc3 Rxc3 42. Bxd3 Qd5 43. Re3 Qd6 44. axb5 Bh6 45. Re6 Qxd3 46. Rxf6+ Kg7
47. Rg6+ Kf8 48. Qxd3 1-0

[Event "16MCR_F"]
[Site "?"]
[Date "2004.??.??"]
[Round "?"]
[White "Straka, Zdenek"]
[Black "Stalmach, Kamil"]
[Result "1/2-1/2"]
[WhiteElo "2395"]
[BlackElo "2360"]
[PlyCount "104"]
[EventDate "2004.04.27"]
[EventType "corr"]
[EventRounds "1"]
[SourceDate "2004.04.27"]

1. Nf3 d5 2. c4 e6 3. d4 c6 4. Qc2 Nf6 5. Bg5 Nbd7 6. e3 Qa5+ 7. Nbd2 Ne4 8.
Bf4 Bb4 9. a3 Nxd2 10. Nxd2 dxc4 11. Bxc4 e5 12. dxe5 Nxe5 13. O-O Bxd2 14. b4
Qc7 15. Bb3 Qe7 16. Qxd2 O-O 17. Qd4 Re8 18. Rac1 Ng6 19. Bd6 Qh4 20. f4 Be6
21. Bxe6 Rxe6 22. Bc5 Ree8 23. Qd7 Reb8 24. Rfd1 h6 25. Bd6 Nf8 26. Bxf8 Kxf8
27. b5 cxb5 28. Rc7 Qf6 29. Qxb5 a6 30. Qb3 Rd8 31. Rxd8+ Rxd8 32. Rxb7 g5 33.
Rb8 Kg7 34. Rxd8 Qxd8 35. Qc3+ f6 36. Kf2 Qd6 37. g3 Qe6 38. Qc7+ Kg6 39. Qc2+
Kg7 40. a4 Qh3 41. Kf3 Qf1+ 42. Ke4 Qh1+ 43. Kd4 Qb7 44. Qc4 Qb6+ 45. Kd3 gxf4
46. exf4 Qb7 47. Ke3 h5 48. Qc2 Qb6+ 49. Kf3 Qg1 50. Ke4 Qh1+ 51. Kd4 Qb7 52.
f5 Qe7 1/2-1/2

[Event "16MCR_F"]
[Site "?"]
[Date "2004.??.??"]
[Round "?"]
[White "Masek, Jan"]
[Black "Krouzel, Jaroslav"]
[Result "1-0"]
[WhiteElo "2365"]
[BlackElo "2360"]
[PlyCount "39"]
[EventDate "2004.04.27"]
[EventType "corr"]
[EventRounds "1"]
[SourceDate "2004.04.27"]

1. e4 e6 2. d4 d5 3. Nd2 Nc6 4. c3 e5 5. exd5 Qxd5 6. Ngf3 exd4 7. Bc4 Qf5 8.
Nxd4 Nxd4 9. cxd4 Be6 10. Qa4+ Bd7 11. Qb3 O-O-O 12. O-O Bd6 13. Bxf7 Rf8 14.
Bd5 c6 15. Bf3 Qe6 16. Nc4 Bc7 17. Bd2 Rf6 18. Rac1 Nh6 19. Qa3 Re8 20. Qxa7
1-0

[Event "16MCR_F"]
[Site "?"]
[Date "2004.??.??"]
[Round "?"]
[White "Stalmach, Kamil"]
[Black "Masek, Jan"]
[Result "1-0"]
[WhiteElo "2360"]
[BlackElo "2365"]
[PlyCount "83"]
[EventDate "2004.04.27"]
[EventType "corr"]
[EventRounds "1"]
[SourceDate "2004.04.27"]

1. e4 e5 2. Nf3 Nc6 3. d4 exd4 4. Nxd4 Bb4+ 5. c3 Bc5 6. Be3 Bb6 7. Qg4 Qf6 8.
Qg3 Qe5 9. Nd2 Qxg3 10. hxg3 Ne5 11. f3 d6 12. O-O-O Bd7 13. Be2 O-O-O 14. g4
Ne7 15. Nc4 Nxc4 16. Bxc4 Be6 17. Bxe6+ fxe6 18. Bg5 Kd7 19. Rh3 h6 20. Rdh1
Rhf8 21. Bd2 Nc6 22. Nxc6 Kxc6 23. g5 hxg5 24. Bxg5 Rd7 25. Rh8 Rdf7 26. Kd2
Rxh8 27. Rxh8 d5 28. Kd3 Bc5 29. f4 dxe4+ 30. Kxe4 Rd7 31. b4 Bf2 32. Re8 Rd6
33. a4 a6 34. Be7 Rd7 35. g4 b5 36. a5 Be1 37. Bc5 Bxc3 38. Rxe6+ Kb7 39. g5
Rd1 40. Kf5 Rf1 41. Re4 Kc6 42. Bd4 1-0

[Event "16MCR_F"]
[Site "?"]
[Date "2004.??.??"]
[Round "?"]
[White "Makovsky, Petr"]
[Black "Straka, Zdenek"]
[Result "1/2-1/2"]
[WhiteElo "2325"]
[BlackElo "2395"]
[PlyCount "60"]
[EventDate "2004.04.27"]
[EventType "corr"]
[EventRounds "1"]
[SourceDate "2004.04.27"]

1. e4 e5 2. Nf3 Nc6 3. Bc4 Bc5 4. c3 Nf6 5. d3 d6 6. O-O O-O 7. Bb3 a6 8. Bg5
h6 9. Be3 Ba7 10. Bxa7 Rxa7 11. Nbd2 Nh5 12. Nc4 Nf4 13. Ne3 Be6 14. Bc2 d5 15.
Nxd5 Nxd5 16. exd5 Bxd5 17. d4 exd4 18. Qd3 g6 19. Rad1 Qf6 20. Nxd4 Raa8 21.
Qg3 Nxd4 22. Rxd4 c6 23. h4 Rae8 24. h5 Qe5 25. Qxe5 Rxe5 26. c4 Be6 27. hxg6
Re2 28. gxf7+ Rxf7 29. Bd1 Rxb2 30. Re1 Rd7 1/2-1/2

[Event "16MCR_F"]
[Site "?"]
[Date "2004.??.??"]
[Round "?"]
[White "Styblo, Pavel"]
[Black "Trexler, Evzen"]
[Result "0-1"]
[WhiteElo "2320"]
[BlackElo "2400"]
[PlyCount "106"]
[EventDate "2004.04.27"]
[EventType "corr"]
[EventRounds "1"]
[SourceDate "2004.04.27"]

1. d4 d5 2. c4 e6 3. Nc3 c6 4. Nf3 dxc4 5. a4 Bb4 6. e3 b5 7. Bd2 a5 8. axb5
Bxc3 9. Bxc3 cxb5 10. b3 Bb7 11. d5 Nf6 12. bxc4 b4 13. Bxf6 Qxf6 14. Qa4+ Nd7
15. Nd4 e5 16. Nb3 Ke7 17. Be2 Qd6 18. Qb5 Ba6 19. Qc6 Qxc6 20. dxc6 Nb6 21.
Rxa5 Bxc4 22. Bxc4 Rxa5 23. Nxa5 Ra8 24. Kd2 Rxa5 25. Rc1 Rc5 26. Bb3 Rxc1 27.
Kxc1 f6 28. Bc2 Kd6 29. Bxh7 Kxc6 30. Kb2 Kc5 31. Kb3 Nd5 32. h4 Nc3 33. Bc2 e4
34. Kb2 f5 35. Bb3 Kd6 36. Kc2 Nd5 37. Bc4 Nf6 38. f4 Nd5 39. Kd2 Kc5 40. Bb3
Nb6 41. Ke2 Nc4 42. h5 Nd6 43. Be6 Kc6 44. Kd1 Kb5 45. Bb3 Kc5 46. Kd2 Nc4+ 47.
Ke2 Kb5 48. Ba2 Nd6 49. Bb3 Ne8 50. Be6 Nf6 51. h6 gxh6 52. Kd2 Ka4 53. Kc1 Ka3
0-1

[Event "16MCR_F"]
[Site "?"]
[Date "2004.??.??"]
[Round "?"]
[White "Zidu, Jan"]
[Black "Hala, Martin"]
[Result "1/2-1/2"]
[WhiteElo "2310"]
[BlackElo "2410"]
[PlyCount "81"]
[EventDate "2004.04.27"]
[EventType "corr"]
[EventRounds "1"]
[SourceDate "2004.04.27"]

1. e4 e5 2. Nf3 Nc6 3. Bb5 f5 4. Nc3 fxe4 5. Nxe4 d5 6. Nxe5 dxe4 7. Nxc6 Qg5
8. Qe2 Nf6 9. f4 Qxf4 10. Ne5+ c6 11. d4 Qh4+ 12. g3 Qh3 13. Bc4 Be6 14. Bg5
O-O-O 15. O-O-O Bd6 16. Qf1 Rhe8 17. Bxf6 Qh6+ 18. Rd2 Qxf6 19. Qxf6 gxf6 20.
Bxe6+ Rxe6 21. Nf7 Rf8 22. Nxd6+ Rxd6 23. c3 Re8 24. Rf1 Ree6 25. Re2 Rd5 26.
Kd2 f5 27. Ke3 Rg6 28. c4 Ra5 29. c5 Rg5 30. Ref2 Rxa2 31. Rxf5 Rxf5 32. Rxf5
Rxb2 33. Rh5 a5 34. Rxh7 a4 35. Kxe4 a3 36. Rh8+ Kd7 37. Ra8 a2 38. h4 Ke6 39.
g4 Rg2 40. Kf4 Kf6 41. Ra7 1/2-1/2

[Event "16MCR_F"]
[Site "?"]
[Date "2004.??.??"]
[Round "?"]
[White "Priesol, Daniel"]
[Black "Dotlacil, Ladislav"]
[Result "1-0"]
[WhiteElo "2305"]
[BlackElo "2410"]
[PlyCount "39"]
[EventDate "2004.04.27"]
[EventType "corr"]
[EventRounds "1"]
[SourceDate "2004.04.27"]

1. e4 c6 2. d4 d5 3. Nc3 dxe4 4. Nxe4 Bf5 5. Ng3 Bg6 6. Nf3 Nd7 7. h4 h6 8. h5
Bh7 9. Bd3 Bxd3 10. Qxd3 Ngf6 11. Bf4 Qa5+ 12. Bd2 Qc7 13. O-O-O e6 14. Qe2 c5
15. Nf5 a6 16. Rh4 O-O-O 17. Ne3 cxd4 18. Nxd4 Bc5 19. Nb3 Be7 20. Rc4 1-0

[Event "16MCR_F"]
[Site "?"]
[Date "2004.??.??"]
[Round "?"]
[White "Canibal, Jaromir"]
[Black "Hybl, Jaroslav"]
[Result "1/2-1/2"]
[WhiteElo "2300"]
[BlackElo "2430"]
[PlyCount "61"]
[EventDate "2004.04.27"]
[EventType "corr"]
[EventRounds "1"]
[SourceDate "2004.04.27"]

1. d4 Nf6 2. c4 g6 3. Nc3 d5 4. cxd5 Nxd5 5. e4 Nxc3 6. bxc3 Bg7 7. Bb5+ c6 8.
Ba4 O-O 9. Ne2 c5 10. O-O Nc6 11. Be3 cxd4 12. cxd4 Bd7 13. d5 Na5 14. Bd4 Bxd4
15. Nxd4 Rc8 16. Rb1 a6 17. Bb3 Qc7 18. f4 Qc3 19. Rf3 Qc5 20. Rf2 b5 21. Qd3
Nc4 22. Rd1 f5 23. exf5 Bxf5 24. Qe2 Bd7 25. Qe4 Rf6 26. h3 Rcf8 27. Kh2 Na5
28. d6+ Nxb3 29. dxe7 Re8 30. axb3 Rxe7 31. Qf3 1/2-1/2

[Event "16MCR_F"]
[Site "?"]
[Date "2004.??.??"]
[Round "?"]
[White "Viktora, Zdenek"]
[Black "Boukal, Petr"]
[Result "0-1"]
[WhiteElo "2285"]
[BlackElo "2435"]
[PlyCount "59"]
[EventDate "2004.04.27"]
[EventType "corr"]
[EventRounds "1"]
[SourceDate "2004.04.27"]

1. e4 e6 2. d4 d5 3. Nd2 Be7 4. e5 c5 5. Qg4 Kf8 6. dxc5 Nc6 7. Ngf3 h5 8. Qf4
g5 9. Qe3 Nh6 10. h3 Nf5 11. Qe2 b6 12. cxb6 axb6 13. Qd1 Qc7 14. Nb3 Nxe5 15.
Nfd4 Nd6 16. Be2 Nec4 17. c3 h4 18. O-O e5 19. Nf3 Bb7 20. Nbd2 f6 21. Re1 Kg7
22. Nb3 Rad8 23. Nfd2 f5 24. a4 g4 25. hxg4 h3 26. gxh3 Rxh3 27. Bf3 Rdh8 28.
Bg2 d4 29. Bxh3 Rxh3 30. f3 0-1

[Event "16MCR_F"]
[Site "?"]
[Date "2004.??.??"]
[Round "?"]
[White "Mezera, Lukas"]
[Black "Pospisil, Ludvik"]
[Result "1/2-1/2"]
[WhiteElo "2260"]
[BlackElo "2445"]
[PlyCount "69"]
[EventDate "2004.04.27"]
[EventType "corr"]
[EventRounds "1"]
[SourceDate "2004.04.27"]

1. Nf3 d5 2. d4 c6 3. c4 e6 4. Qc2 Nf6 5. Bg5 Nbd7 6. cxd5 exd5 7. e3 Qa5+ 8.
Nbd2 Ne4 9. Bd3 Nxg5 10. Nxg5 h6 11. Ngf3 Bd6 12. O-O Nf6 13. a3 O-O 14. b4 Qb6
15. Rfb1 a6 16. a4 Re8 17. h3 Qd8 18. b5 cxb5 19. axb5 a5 20. Rc1 b6 21. Nb1
Ne4 22. Qb3 Bb7 23. Nc3 Rc8 24. Na4 Rc7 25. Rxc7 Qxc7 26. Qc2 Qd8 27. Rc1 f6
28. Nh4 Bb8 29. Qd1 Qd6 30. Nf5 Qh2+ 31. Kf1 g6 32. Bxe4 Rxe4 33. f3 gxf5 34.
fxe4 dxe4 35. Qh5 1/2-1/2